| 000 | 00661nam a2200241Ia 4500 | ||
|---|---|---|---|
| 003 | OSt | ||
| 005 | 20220918180953.0 | ||
| 006 | a|||||r|||| 00| 0 | ||
| 007 | ta | ||
| 008 | 220917b |||||||| |||| 00| 0 eng d | ||
| 024 | _a25,014 | ||
| 037 | _cTextual | ||
| 040 |
_aARTS _cARTS _beng |
||
| 041 |
_2eng _aeng |
||
| 082 | _aO111,1:g(P:75), M5 | ||
| 100 |
_aKnapp Steven _957597 |
||
| 245 | 0 | _aPersonification and the sublime and Milton to Coleridge | |
| 260 |
_aCambridge _bCUP _c1985 |
||
| 300 |
_a178p. _ccm. |
||
| 650 | _aENGLISH LITERATURE | ||
| 942 |
_hO111,1:g(P:75), M5 _cTEXL _2CC |
||
| 999 |
_c163925 _d163925 |
||